000 01331nam a2200289Ia 4500
999 _c4945
_d4945
003 OSt
005 20200408112033.0
008 191128s2013 mx gr 000 0dspa d
020 _a9786079014971
040 _aCO-JMCR
_cCO-JMCR
041 0 _aspa
082 0 4 _a300.1 /
_bW212s
100 1 _aWeber, Max,
_eautor
_91751
245 1 0 _aSobre la teoría de las ciencias sociales /
_cMax Weber ; traductor, José Chávez Martínez
250 _aTercera edición
260 _aMéxico :
_bEdiciones Coyoacán,
_c2013
300 _a146 páginas ;
_c23 cm.
490 0 _aDiálogo ;
_v126
500 _aIncluye biografía del autor en solapa frontal.
505 _aEl conocimiento objetivo de las ciencias y la política social -- Significado de la "Libertad de valorización" en las ciencias sociológicas y económicas
520 _aMax Weber pretendió siempre dar una interpretación exhaustiva de la historia de la cultura, para ello exigía una objetividad del saber dentro de las condiciones históricas en las que se da un hecho determinado. Para él, la sociología debe ser comprehensiv
534 _pGesammelte Aufsätze zur Wissenchaftslehre
546 _aTraducido del alemán
650 1 4 _aCiencias políticas
_xSociología
_92802
700 1 _aChávez Martínez, José,
_etraductor
_92803
942 _2ddc
_cBK